000 00441nam a2200157Ia 4500
008 210210b1940 xxu||||| |||| 00| 0 eng d
041 _aeng
082 _a030/27
100 _aCRAIGIE (William A) and HULBERT (James R). Ed.
245 _aDictionary of American english on historical principles. Vol.2.
260 _aLondon
_bOxford University Press
_c1940
300 _aix,1268
440 _a2
690 _aDictionaries
906 _a000075
999 _c76603
_d76603